000 00674nam a2200217Ii 4500
003 JO-AjNU
008 230605s9999||||xx |||||||||||||| ||und||
017 _a2008/20012
020 _a977-287-853-4
040 _aJO-AjNU
_bara
_erda
_cJO-AjNU
041 _aara
050 1 4 _aQA76.9 2009
100 3 _aجوهر ، احمدسليمان,
_eauthor
_927885
245 0 0 _aاحترف ACCESS 2007
264 3 1 _aالقاهرة:دار الكتب العلمية ، 2009
300 _a416ص
336 _atext
_btxt
_2rdacontent
337 _aunmediated
_bn
_2rdamedia
338 _avolume
_bnc
_2rdacarrier
650 4 _aالحاسبات الالكترونية-برامج
_927886
999 _aA10749
_c14317
_d14317